<?xml version="1.0" encoding="UTF-8"?>
<record
    xmlns:xsi="http://www.w3.org/2001/XMLSchema-instance"
    xsi:schemaLocation="http://www.loc.gov/MARC21/slim http://www.loc.gov/standards/marcxml/schema/MARC21slim.xsd"
    xmlns="http://www.loc.gov/MARC21/slim">

  <leader>00956na  a2200289   4500</leader>
  <controlfield tag="001">24350</controlfield>
  <controlfield tag="003">MIRAKIL</controlfield>
  <controlfield tag="005">20181213155334.0</controlfield>
  <controlfield tag="008">180919b        tu            000 0      </controlfield>
  <datafield tag="020" ind1=" " ind2=" ">
    <subfield code="a">9789758112651</subfield>
  </datafield>
  <datafield tag="040" ind1=" " ind2=" ">
    <subfield code="a">Milas</subfield>
    <subfield code="b">tur</subfield>
    <subfield code="c">TR-AnCHP</subfield>
  </datafield>
  <datafield tag="041" ind1=" " ind2=" ">
    <subfield code="a">tur</subfield>
  </datafield>
  <datafield tag="082" ind1=" " ind2=" ">
    <subfield code="a">323.09561</subfield>
    <subfield code="b">T96 2008</subfield>
  </datafield>
  <datafield tag="090" ind1=" " ind2=" ">
    <subfield code="a">323.09561 T96 2008</subfield>
  </datafield>
  <datafield tag="245" ind1=" " ind2=" ">
    <subfield code="a">T&#xFC;rkiye'de &#xE7;o&#x11F;unluk ve az&#x131;nl&#x131;k politikalar&#x131;</subfield>
    <subfield code="b">AB s&#xFC;recinde yurtta&#x15F;l&#x131;k tart&#x131;&#x15F;malar&#x131;</subfield>
    <subfield code="c">derleyenler Ayhan Kaya, Turgut Tarhanl&#x131;</subfield>
  </datafield>
  <datafield tag="246" ind1=" " ind2=" ">
    <subfield code="a">AB s&#xFC;recinde yurtta&#x15F;l&#x131;k tart&#x131;&#x15F;malar&#x131;</subfield>
  </datafield>
  <datafield tag="250" ind1=" " ind2=" ">
    <subfield code="a">3. bs.</subfield>
  </datafield>
  <datafield tag="260" ind1=" " ind2=" ">
    <subfield code="a">&#x130;stanbul</subfield>
    <subfield code="b">TESEV Yay&#x131;nlar&#x131;</subfield>
    <subfield code="c">2008</subfield>
    <subfield code="f">Euromat</subfield>
  </datafield>
  <datafield tag="300" ind1=" " ind2=" ">
    <subfield code="a">292 s.</subfield>
    <subfield code="c">23 sm.</subfield>
  </datafield>
  <datafield tag="504" ind1=" " ind2=" ">
    <subfield code="a">Kaynak&#xE7;a var.</subfield>
  </datafield>
  <datafield tag="650" ind1=" " ind2=" ">
    <subfield code="a">Yurtta&#x15F;l&#x131;k haklar&#x131;</subfield>
    <subfield code="x">T&#xFC;rkiye</subfield>
  </datafield>
  <datafield tag="650" ind1=" " ind2=" ">
    <subfield code="a">Yurtta&#x15F;l&#x131;k</subfield>
    <subfield code="x">AB kat&#x131;l&#x131;m s&#xFC;reci</subfield>
    <subfield code="z">T&#xFC;rkiye</subfield>
  </datafield>
  <datafield tag="700" ind1=" " ind2=" ">
    <subfield code="a">Tarhanl&#x131;, Turgut</subfield>
    <subfield code="e">der.</subfield>
  </datafield>
  <datafield tag="700" ind1=" " ind2=" ">
    <subfield code="a">Kaya, Ayhan</subfield>
    <subfield code="e">der.</subfield>
  </datafield>
  <datafield tag="740" ind1=" " ind2=" ">
    <subfield code="a">AB s&#xFC;recinde yurtta&#x15F;l&#x131;k tart&#x131;&#x15F;malar&#x131;</subfield>
  </datafield>
  <datafield tag="942" ind1=" " ind2=" ">
    <subfield code="2">dcc</subfield>
    <subfield code="c">BKS</subfield>
  </datafield>
  <datafield tag="952" ind1=" " ind2=" ">
    <subfield code="a">0001</subfield>
    <subfield code="b">0001</subfield>
    <subfield code="d">2018-09-19</subfield>
    <subfield code="e">2</subfield>
    <subfield code="l">0</subfield>
    <subfield code="o">323.09561 T96 2008</subfield>
    <subfield code="p">007688</subfield>
    <subfield code="r">2018-09-19 00:00:00</subfield>
    <subfield code="v">0.00</subfield>
    <subfield code="w">2018-09-19</subfield>
    <subfield code="y">BKS</subfield>
  </datafield>
  <datafield tag="999" ind1=" " ind2=" ">
    <subfield code="c">10824</subfield>
    <subfield code="d">10824</subfield>
  </datafield>
</record>
